[Event "Montcalm 3 2023-24"]
[Site "Quebec CAN"]
[Date "2023.11.16"]
[Round "1"]
[White "Auger, Bertrand"]
[Black "Oliver, Vance"]
[Result "1-0"]
[WhiteElo "1922"]
[BlackElo "1608"]
[PlyCount "61"]
[EventDate "2023.11.16"]
[EventType "swiss"]
[EventRounds "5"]
[EventCountry "CAN"]

1. Nf3 d5 2. g3 Nf6 3. Bg2 c5 4. O-O Nc6 5. d4 cxd4 6. Nxd4 e5 7. Nxc6 bxc6 8.
c4 Bb7 9. Qa4 Qd7 10. Nc3 d4 11. Rd1 Qc7 12. Nd5 Nxd5 13. cxd5 Rc8 14. Bd2 Bd6
15. Rac1 O-O 16. dxc6 Ba8 17. b4 Qb6 18. b5 Bc7 19. Bb4 Rfe8 20. Bc5 Qa5 21.
Qxa5 Bxa5 22. Bxa7 Red8 23. b6 Bxb6 24. Bxb6 Rd6 25. Bc5 Rh6 26. Ba3 g6 27. Rc5
f6 28. Rb1 Kg7 29. Rb7+ Kh8 30. Rd7 f5 31. c7 1-0

[Event "Montcalm 3 2023-24"]
[Site "Quebec CAN"]
[Date "2023.11.16"]
[Round "1"]
[White "Bergeron, Nicolas"]
[Black "Glode, Martin"]
[Result "1-0"]
[WhiteElo "1446"]
[BlackElo "1910"]
[PlyCount "137"]
[EventDate "2023.11.16"]
[EventType "swiss"]
[EventRounds "5"]
[EventCountry "CAN"]

1. d4 b6 2. e4 Bb7 3. Bd3 e6 4. c4 Nc6 5. Nf3 Nb4 6. O-O Ne7 7. Nc3 Nxd3 8.
Qxd3 h6 9. d5 Ng6 10. Nd4 Ne5 11. Qe2 Ba6 12. b3 Bc5 13. Be3 Qh4 14. h3 Bb4 15.
Ncb5 Bxb5 16. Nxb5 O-O 17. f4 Ng6 18. Nxc7 Rac8 19. Nb5 a6 20. Nd4 Bc5 21. Qd2
Ne7 22. Nf3 Qg3 23. Rae1 Qxf4 24. Bxc5 Qxd2 25. Nxd2 Rxc5 26. Nf3 b5 27. Ne5
Rd8 28. Nxf7 Rf8 29. Ne5 Rxf1+ 30. Rxf1 bxc4 31. Nxd7 Rc7 32. dxe6 Ng6 33. b4
Rc6 34. Nc5 Ne5 35. e7 Rc8 36. Ne6 Ng6 37. Nd8 Nxe7 38. Ne6 c3 39. Nc5 a5 40.
a3 axb4 41. axb4 Rb8 42. Rc1 Rxb4 43. Rxc3 Rb2 44. Rf3 Re2 45. Kf1 Rc2 46. Nd3
Ng6 47. Nf4 Ne5 48. Rf2 Rxf2+ 49. Kxf2 Kf7 50. Ke3 g6 51. Nd3 Nc4+ 52. Kd4 Nd2
53. Kd5 Ke7 54. e5 Nf1 55. Ke4 Ng3+ 56. Kf3 Nf5 57. g4 Nd4+ 58. Ke4 Ne6 59. h4
Kf7 60. Nf4 Nf8 61. Kd5 Ke7 62. h5 gxh5 63. gxh5 Nd7 64. Ng6+ Ke8 65. Ke6 Nc5+
66. Kf6 Nd3 67. Kg7 Kd7 68. Kxh6 Ke6 69. Kg7 1-0

[Event "Montcalm 3 2023-24"]
[Site "Quebec CAN"]
[Date "2023.11.16"]
[Round "1"]
[White "Boissinot, Claude"]
[Black "Cournoyer, Dominic"]
[Result "0-1"]
[WhiteElo "1423"]
[BlackElo "1885"]
[PlyCount "66"]
[EventDate "2023.11.16"]
[EventType "swiss"]
[EventRounds "5"]
[EventCountry "CAN"]

1. e4 c6 2. d4 d5 3. exd5 cxd5 4. c4 Nf6 5. Nc3 g6 6. Be2 Bg7 7. Nf3 O-O 8. h3
Nc6 9. Be3 Be6 10. b3 h6 11. Qd2 Kh7 12. g4 Ne4 13. Nxe4 dxe4 14. Nh4 Nxd4 15.
Rd1 Nxe2 16. Qxe2 Qa5+ 17. Bd2 Qxa2 18. Qxe4 Qa6 19. Rg1 Qc6 20. Qe3 Rfd8 21.
Nf3 Qd6 22. Ke2 Qa6 23. h4 b5 24. h5 bxc4 25. hxg6+ fxg6 26. bxc4 Bxc4+ 27. Ke1
Qe6 28. Qxe6 Bxe6 29. Rg3 a5 30. Rb1 a4 31. Rb6 Bf7 32. Rh3 a3 33. Rb1 a2 0-1

[Event "Montcalm 3 2023-24"]
[Site "Quebec CAN"]
[Date "2023.11.16"]
[Round "1"]
[White "Brown, Zachary"]
[Black "Drolet, Stephane"]
[Result "0-1"]
[WhiteElo "1633"]
[BlackElo "2058"]
[PlyCount "108"]
[EventDate "2023.11.16"]
[EventType "swiss"]
[EventRounds "5"]
[EventCountry "CAN"]

1. e4 Nc6 2. Nf3 g6 3. d4 d6 4. Be3 Bg7 5. Be2 Nf6 6. Nbd2 Ng4 7. O-O Nxe3 8.
fxe3 Bh6 9. Kf2 O-O 10. Bd3 e5 11. Qe2 Bg4 12. c3 a5 13. Kg1 a4 14. a3 Qe7 15.
h3 Bd7 16. Nh2 Qg5 17. Rf3 exd4 18. cxd4 Nxd4 19. exd4 Qxd2 20. Qxd2 Bxd2 21.
Ng4 Bg5 22. Nf6+ Bxf6 23. Rxf6 Kg7 24. Rf2 f6 25. Raf1 Ra5 26. Re1 h5 27. h4
Be6 28. Rc1 c6 29. Rcf1 Bb3 30. Re1 Raa8 31. Rfe2 Rae8 32. Bc2 Bc4 33. Re3 Bb5
34. Bd3 Bxd3 35. Rxd3 Re7 36. Rde3 Rfe8 37. Kf2 d5 38. e5 fxe5 39. Rxe5 Rxe5
40. dxe5 Kf7 41. Kf3 Ke6 42. Kf4 Rf8+ 43. Kg5 Rf2 44. Kxg6 Rxg2+ 45. Kxh5 Rxb2
46. Rg1 d4 47. Kg6 Rh2 48. h5 Kxe5 49. h6 c5 50. Rb1 d3 51. Rxb7 c4 52. Rd7 d2
53. h7 c3 54. Kg7 Rxh7+ 0-1

[Event "Montcalm 3 2023-24"]
[Site "Quebec CAN"]
[Date "2023.11.16"]
[Round "1"]
[White "Duguay-Piron, Simon"]
[Black "Pepin, Pierre-Luc"]
[Result "1-0"]
[WhiteElo "1747"]
[BlackElo "1228"]
[PlyCount "37"]
[EventDate "2023.11.16"]
[EventType "swiss"]
[EventRounds "5"]
[EventCountry "CAN"]

1. e4 e6 2. d4 d5 3. e5 Ne7 4. Nf3 Ng6 5. Bd3 c6 6. h4 Bb4+ 7. c3 Ba5 8. h5 Ne7
9. h6 g6 10. Bg5 Qc7 11. Bf6 O-O 12. Qd2 Nd7 13. Bxe7 Re8 14. Qg5 a6 15. Nh4
Bb6 16. Nxg6 hxg6 17. Bxg6 fxg6 18. Qxg6+ Kh8 19. Qg7# 1-0

[Event "Montcalm 3 2023-24"]
[Site "Quebec CAN"]
[Date "2023.11.16"]
[Round "1"]
[White "Fecteau, Martin"]
[Black "Michaud, Jacques"]
[Result "1-0"]
[WhiteElo "1897"]
[BlackElo "1446"]
[PlyCount "63"]
[EventDate "2023.11.16"]
[EventType "swiss"]
[EventRounds "5"]
[EventCountry "CAN"]

1. d4 Nf6 2. c4 g6 3. Nc3 d5 4. cxd5 Nxd5 5. e4 Nxc3 6. bxc3 Bg7 7. Bc4 O-O 8.
Ne2 c5 9. O-O cxd4 10. cxd4 Nc6 11. Be3 Na5 12. Bd3 Be6 13. Qa4 Bd7 14. Qa3 a6
15. Rac1 b5 16. d5 Nc4 17. Bxc4 bxc4 18. Rxc4 Bb5 19. Rc2 Qd7 20. Rfc1 Rfc8 21.
Nd4 Rxc2 22. Rxc2 Rc8 23. Rxc8+ Qxc8 24. Nxb5 axb5 25. g3 Qc2 26. Qxe7 Bf8 27.
Qe8 Qd1+ 28. Kg2 Qh5 29. d6 f5 30. Qe6+ Kg7 31. d7 fxe4 32. Qxe4 1-0

[Event "Montcalm 3 2023-24"]
[Site "Quebec CAN"]
[Date "2023.11.16"]
[Round "1"]
[White "Huxley, Zachary"]
[Black "Marquis, Paul"]
[Result "0-1"]
[WhiteElo "1480"]
[BlackElo "1915"]
[PlyCount "77"]
[EventDate "2023.11.16"]
[EventType "swiss"]
[EventRounds "5"]
[EventCountry "CAN"]

1. e4 e6 2. Nf3 d5 3. e5 c5 4. c3 Nc6 5. d4 Qb6 6. Na3 Bd7 7. Nc2 Be7 8. Be2 h6
9. O-O g5 10. h3 O-O-O 11. a3 c4 12. Nb4 Na5 13. Nd2 Kb8 14. Qc2 Nb3 15. Nxb3
Ba4 16. Qd2 Bxb3 17. Bd1 a5 18. Nc2 f5 19. Ne1 Bxd1 20. Qxd1 h5 21. g3 h4 22.
Kg2 hxg3 23. fxg3 Nh6 24. Qe2 Rdg8 25. Nc2 f4 26. g4 Nf7 27. a4 Qc6 28. Ne1 Rh7
29. Bd2 Rg6 30. Qf3 Rgh6 31. Rh1 Qb6 32. Bc1 Nh8 33. Kf1 Ng6 34. Ng2 Qd8 35.
Rb1 Qh8 36. Ke2 Rxh3 37. Rxh3 Rxh3 38. Qf1 f3+ 39. Kd1 0-1

[Event "Montcalm 3 2023-24"]
[Site "Quebec CAN"]
[Date "2023.11.16"]
[Round "1"]
[White "Jardine, Robert"]
[Black "Savard, Alexandre"]
[Result "1/2-1/2"]
[WhiteElo "1179"]
[BlackElo "1739"]
[PlyCount "66"]
[EventDate "2023.11.16"]
[EventType "swiss"]
[EventRounds "5"]
[EventCountry "CAN"]

1. Nf3 d5 2. g3 Nf6 3. Bg2 e6 4. d3 Be7 5. Nbd2 O-O 6. O-O Bd7 7. c3 Bd6 8. e4
dxe4 9. dxe4 e5 10. Nc4 Bb5 11. Qd3 Nbd7 12. Nfd2 Re8 13. Qf3 Bf8 14. b3 a5 15.
a3 a4 16. b4 c5 17. Re1 Qc7 18. Ne3 Bc6 19. Nf5 g6 20. Ne3 Nxe4 21. Nxe4 f5 22.
Nxf5 gxf5 23. Qxf5 cxb4 24. cxb4 Re7 25. Qh5 Bxe4 26. Bxe4 Qc3 27. Be3 Nf6 28.
Qh4 Rf7 29. Rec1 Qb2 30. Rcb1 Qe2 31. Re1 Qb2 32. Reb1 Qe2 33. Re1 Qb2 1/2-1/2

[Event "Montcalm 3 2023-24"]
[Site "Quebec CAN"]
[Date "2023.11.16"]
[Round "1"]
[White "Lapierre, Gaetan"]
[Black "Gagne, Louis"]
[Result "1-0"]
[WhiteElo "1738"]
[BlackElo "1135"]
[PlyCount "49"]
[EventDate "2023.11.16"]
[EventType "swiss"]
[EventRounds "5"]
[EventCountry "CAN"]

1. e4 c6 2. d4 d5 3. e5 c5 4. c3 Nc6 5. a3 a5 6. f4 Bf5 7. Nf3 e6 8. Nbd2 Be7
9. b3 Nh6 10. Be2 O-O 11. Nf1 f6 12. h3 cxd4 13. cxd4 Qc7 14. Bb2 fxe5 15. fxe5
Nf7 16. Ne3 Ng5 17. Nxf5 Nxf3+ 18. Bxf3 Rxf5 19. O-O Qb6 20. Bg4 Rxe5 21. Kh1
Re4 22. Re1 Nxd4 23. Rxe4 dxe4 24. Qxd4 Qxb3 25. Qxg7# 1-0

[Event "Montcalm 3 2023-24"]
[Site "Quebec CAN"]
[Date "2023.11.16"]
[Round "1"]
[White "Mercure, Gilbert"]
[Black "Bourassa, Louis"]
[Result "1/2-1/2"]
[WhiteElo "1814"]
[BlackElo "1282"]
[PlyCount "88"]
[EventDate "2023.11.16"]
[EventType "swiss"]
[EventRounds "5"]
[EventCountry "CAN"]

1. e4 c6 2. d4 d5 3. f3 e6 4. Nc3 Qb6 5. a3 c5 6. Be3 Nf6 7. e5 Nfd7 8. f4 Nc6
9. Nf3 Be7 10. Na4 Qa5+ 11. c3 c4 12. Be2 O-O 13. O-O f6 14. b4 cxb3 15. Qxb3
a6 16. c4 b5 17. cxb5 axb5 18. Bxb5 Rb8 19. Nc3 Na7 20. a4 Ba6 21. Nxd5 Rfe8
22. Nxe7+ Rxe7 23. Qa3 Rf7 24. d5 Nxb5 25. axb5 Qxa3 26. Rxa3 Bxb5 27. Rb1 Bc4
28. Rxb8+ Nxb8 29. Ra8 Rf8 30. Ba7 Nd7 31. Rxf8+ Kxf8 32. d6 fxe5 33. Nxe5 Nxe5
34. fxe5 Bb5 35. Kf2 Kf7 36. Ke3 h5 37. Kf4 g6 38. Bc5 Ke8 39. Kg5 Bd3 40. h3
Kd7 41. Kf4 Bb1 42. g3 Bc2 43. g4 hxg4 44. hxg4 Bb1 1/2-1/2

[Event "Montcalm 3 2023-24"]
[Site "Quebec CAN"]
[Date "2023.11.16"]
[Round "1"]
[White "Sauve, Richard"]
[Black "Miskic, Zdenko"]
[Result "1/2-1/2"]
[WhiteElo "1914"]
[BlackElo "1465"]
[PlyCount "87"]
[EventDate "2023.11.16"]
[EventType "swiss"]
[EventRounds "5"]
[EventCountry "CAN"]

1. d4 Nf6 2. c4 g6 3. Nc3 Bg7 4. e4 d6 5. f3 O-O 6. Be3 e5 7. Nge2 exd4 8. Nxd4
Bd7 9. Qd2 Nc6 10. Be2 a6 11. O-O-O Ne5 12. h3 Nh5 13. f4 Ng3 14. fxe5 Nxh1 15.
Rxh1 Bxe5 16. Nf3 Bg7 17. g4 Bc6 18. Bg5 Qe8 19. Bd3 f6 20. Bh6 Rd8 21. Bxg7
Kxg7 22. Nd5 Rf7 23. g5 Bxd5 24. exd5 f5 25. Nd4 Rdd7 26. Ne6+ Kg8 27. h4 Rde7
28. h5 Rxe6 29. dxe6 Qxe6 30. hxg6 hxg6 31. Re1 Qd7 32. Qc3 Qd8 33. Qd2 Rh7 34.
Qe3 Kf8 35. Kc2 Rh2+ 36. Kb3 b6 37. Qf4 Rh3 38. Kc2 Qd7 39. b3 Qg7 40. Re6 Qa1
41. Rxg6 Qxa2+ 42. Kc3 Qa1+ 43. Kc2 Qa2+ 44. Kc3 1/2-1/2

[Event "Montcalm 3 2023-24"]
[Site "Quebec CAN"]
[Date "2023.11.23"]
[Round "2"]
[White "Cournoyer, Dominic"]
[Black "Berube, Antoine"]
[Result "0-1"]
[WhiteElo "1885"]
[BlackElo "2236"]
[PlyCount "106"]
[EventDate "2023.11.16"]
[EventType "swiss"]
[EventRounds "5"]
[EventCountry "CAN"]

1. c4 e6 2. Nf3 d5 3. b3 Nf6 4. Bb2 Bd6 5. e3 O-O 6. Be2 Nbd7 7. O-O b6 8. Nc3
Bb7 9. Rc1 a6 10. cxd5 exd5 11. Qc2 Qe7 12. Qf5 Rfe8 13. Bd3 Ne5 14. Nxe5 Qxe5
15. Qxe5 Rxe5 16. Ne2 Ree8 17. Bxf6 gxf6 18. Ng3 c5 19. f4 d4 20. Nf5 Rad8 21.
exd4 Bc8 22. g3 Bf8 23. Rfe1 Be6 24. Be4 Bxf5 25. Bxf5 Rxe1+ 26. Rxe1 Rxd4 27.
d3 a5 28. Re8 a4 29. bxa4 Rxa4 30. Rb8 c4 31. dxc4 h5 32. Kf1 Rxa2 33. Rxb6
Rxh2 34. Rb8 Kg7 35. Rb5 h4 36. gxh4 Rxh4 37. Bd7 Rxf4+ 38. Kg2 Rxc4 39. Kf3
Bd6 40. Rd5 Be5 41. Rd1 f5 42. Rd3 Kf6 43. Ra3 Kg5 44. Ra5 Rc3+ 45. Ke2 f6 46.
Kf2 Bd4+ 47. Ke2 Be5 48. Ra4 f4 49. Ra8 f3+ 50. Kf1 Bd4 51. Rc8 Bc5 52. Re8 Be3
53. Rc8 Ra3 0-1

[Event "Montcalm 3 2023-24"]
[Site "Quebec CAN"]
[Date "2023.11.23"]
[Round "2"]
[White "Drolet, Stephane"]
[Black "Sarra-Bournet, Marc"]
[Result "0-1"]
[WhiteElo "2058"]
[BlackElo "1838"]
[PlyCount "46"]
[EventDate "2023.11.16"]
[EventType "swiss"]
[EventRounds "5"]
[EventCountry "CAN"]

1. d4 d5 2. Nf3 Nf6 3. Bg5 e6 4. Nbd2 Be7 5. e3 O-O 6. Bd3 Nbd7 7. c3 c5 8. Ne5
cxd4 9. exd4 Nxe5 10. dxe5 Nd7 11. Bxe7 Qxe7 12. Nf3 Nc5 13. Bc2 b6 14. Qd4 Bb7
15. h4 Ne4 16. Ng5 Rfd8 17. O-O-O Rac8 18. f3 Rc4 19. Qe3 Rxc3 20. Qf4 Rdc8 21.
fxe4 Rxc2+ 22. Kb1 Qb4 23. Qxf7+ Kh8 0-1

[Event "Montcalm 3 2023-24"]
[Site "Quebec CAN"]
[Date "2023.11.23"]
[Round "2"]
[White "Dumont, Eric"]
[Black "Boissinot, Claude"]
[Result "1-0"]
[WhiteElo "1720"]
[BlackElo "1423"]
[PlyCount "73"]
[EventDate "2023.11.16"]
[EventType "swiss"]
[EventRounds "5"]
[EventCountry "CAN"]

1. d4 Nf6 2. Bf4 e6 3. e3 b6 4. Nf3 Bb7 5. c4 Be7 6. h3 O-O 7. Be2 d5 8. O-O h6
9. Nc3 a6 10. Rc1 Nbd7 11. cxd5 exd5 12. Qb3 b5 13. a4 b4 14. Na2 a5 15. Rxc7
Bc8 16. Rfc1 Nb6 17. Ne5 Bd7 18. Nxd7 Nfxd7 19. Bb5 Nf6 20. R1c6 Nc8 21. Rxf6
Bxf6 22. Bc6 Ra7 23. Rxa7 Nxa7 24. Bxd5 Nc8 25. Nc1 Nb6 26. Bf3 Qc8 27. Nd3 Rd8
28. Nc5 g5 29. Bh5 Nd5 30. Bg3 Be7 31. e4 Bxc5 32. dxc5 Qxc5 33. exd5 Rxd5 34.
Kh2 Rd7 35. Qe3 Qc6 36. Qe8+ Kh7 37. Bxf7 1-0

[Event "Montcalm 3 2023-24"]
[Site "Quebec CAN"]
[Date "2023.11.23"]
[Round "2"]
[White "Genest, Dominic"]
[Black "Fecteau, Martin"]
[Result "0-1"]
[WhiteElo "1801"]
[BlackElo "1897"]
[PlyCount "126"]
[EventDate "2023.11.16"]
[EventType "swiss"]
[EventRounds "5"]
[EventCountry "CAN"]

1. c4 e5 2. g3 f5 3. Bg2 Nf6 4. d3 c6 5. f4 e4 6. Nc3 d5 7. e3 Be7 8. Qa4 O-O
9. d4 Nbd7 10. c5 b5 11. Qc2 a5 12. a3 Ba6 13. Bf1 Qc7 14. Nh3 h6 15. Nf2 Rfb8
16. Be2 Nf8 17. Bd2 Bc8 18. b3 Be6 19. h3 Qd7 20. Na2 N8h7 21. b4 axb4 22. Bxb4
Ra7 23. Nc3 Rba8 24. O-O Bf7 25. Qb2 Bh5 26. Kh2 Bxe2 27. Qxe2 g5 28. Ra2 Kh8
29. Rfa1 gxf4 30. gxf4 Rg8 31. Rg1 Rxg1 32. Kxg1 Ra8 33. Kh2 Qc7 34. Nb1 Rg8
35. Nd2 Bd8 36. Nh1 Qg7 37. Ra1 Bc7 38. Qf2 Qf7 39. Rg1 Rxg1 40. Qxg1 Qh5 41.
Ng3 Qg6 42. Qd1 h5 43. Ne2 h4 44. Qg1 Qh5 45. Qg2 Nf8 46. Kg1 Ne6 47. Nc3 Kh7
48. Kf1 Bd8 49. Ke1 Qg6 50. Qxg6+ Kxg6 51. a4 bxa4 52. Nxa4 Nh5 53. Nb6 Nhxf4
54. exf4 Nxf4 55. Nd7 Nd3+ 56. Ke2 Nxb4 57. Ne5+ Kf6 58. Nb3 f4 59. Ng4+ Ke6
60. Ne5 Bf6 61. Ng4 f3+ 62. Kf2 Nc2 63. Nxf6 Kxf6 0-1

[Event "Montcalm 3 2023-24"]
[Site "Quebec CAN"]
[Date "2023.11.23"]
[Round "2"]
[White "Laflamme, Simon"]
[Black "Auger, Bertrand"]
[Result "0-1"]
[WhiteElo "1834"]
[BlackElo "1922"]
[PlyCount "62"]
[EventDate "2023.11.16"]
[EventType "swiss"]
[EventRounds "5"]
[EventCountry "CAN"]

1. c4 c5 2. Nf3 Nf6 3. Nc3 b6 4. g3 Bb7 5. Bg2 e6 6. O-O Be7 7. Re1 Ne4 8. Nxe4
Bxe4 9. d3 Bb7 10. e4 O-O 11. d4 cxd4 12. Nxd4 a6 13. Qg4 Kh8 14. Bf4 Qc8 15.
Rac1 Nc6 16. Nxc6 Qxc6 17. Be5 f6 18. Bd4 e5 19. Bc3 a5 20. Qe2 Bc5 21. Bh3 f5
22. Bxe5 fxe4 23. Bf4 Rxf4 24. gxf4 e3 25. f3 Qh6 26. Bg2 Rf8 27. Rcd1 Qxf4 28.
Rf1 d6 29. Kh1 Rf6 30. Rd3 Rh6 31. h3 Bc8 0-1

[Event "Montcalm 3 2023-24"]
[Site "Quebec CAN"]
[Date "2023.11.23"]
[Round "2"]
[White "Marquis, Paul"]
[Black "Lapierre, Gaetan"]
[Result "1/2-1/2"]
[WhiteElo "1915"]
[BlackElo "1738"]
[PlyCount "97"]
[EventDate "2023.11.16"]
[EventType "swiss"]
[EventRounds "5"]
[EventCountry "CAN"]

1. e4 c5 2. Nf3 Nc6 3. d4 cxd4 4. Nxd4 e5 5. Nb5 d6 6. N1c3 a6 7. Na3 b5 8. Nd5
Be6 9. c3 Nf6 10. Bg5 Be7 11. Bxf6 Bxf6 12. Nc2 Bg5 13. a4 bxa4 14. Rxa4 Bc8
15. Qa1 a5 16. b4 O-O 17. Bb5 Bd7 18. Nce3 Bxe3 19. Nxe3 axb4 20. cxb4 Rxa4 21.
Qxa4 Qa8 22. O-O Qxa4 23. Bxa4 Ra8 24. Bxc6 Bxc6 25. Nf5 Bxe4 26. Nxd6 Bd3 27.
Rd1 e4 28. h3 g6 29. b5 Ra3 30. Rc1 Rb3 31. Rc8+ Kg7 32. Rc7 Bxb5 33. Rxf7+ Kg8
34. Rb7 Rb1+ 35. Kh2 Bd3 36. Rxb1 Bxb1 37. Kg3 g5 38. h4 gxh4+ 39. Kxh4 Kg7 40.
Kg4 Kf6 41. Kf4 Kg6 42. Nxe4 h5 43. Nd2 Ba2 44. Nf3 Be6 45. g3 Bd5 46. Nh4+ Kf6
47. Ke3 Bc6 48. f4 Bb7 49. Kd4 1/2-1/2

[Event "Montcalm 3 2023-24"]
[Site "Quebec CAN"]
[Date "2023.11.23"]
[Round "2"]
[White "Miskic, Zdenko"]
[Black "Mercure, Gilbert"]
[Result "0-1"]
[WhiteElo "1465"]
[BlackElo "1814"]
[PlyCount "36"]
[EventDate "2023.11.16"]
[EventType "swiss"]
[EventRounds "5"]
[EventCountry "CAN"]

1. e4 d5 2. exd5 Nf6 3. c4 e6 4. dxe6 Bxe6 5. d3 Bc5 6. h3 Qe7 7. Be2 Nc6 8.
Nf3 Rd8 9. Qb3 O-O 10. Qxb7 Nb4 11. Ne5 Bc8 12. Qf3 Qxe5 13. Na3 Nxd3+ 14. Kf1
Bxf2 15. Bd2 Qxb2 16. Bxd3 Qxa1+ 17. Kxf2 Qd4+ 18. Ke2 Rfe8+ 0-1

[Event "Montcalm 3 2023-24"]
[Site "Quebec CAN"]
[Date "2023.11.23"]
[Round "2"]
[White "Pepin, Pierre-Luc"]
[Black "Huxley, Zachary"]
[Result "0-1"]
[WhiteElo "1228"]
[BlackElo "1480"]
[PlyCount "54"]
[EventDate "2023.11.16"]
[EventType "swiss"]
[EventRounds "5"]
[EventCountry "CAN"]

1. d4 d5 2. Nf3 e6 3. a3 Nf6 4. Nc3 c5 5. e3 Qb6 6. Be2 Nc6 7. O-O Bd7 8. h3
Bd6 9. Re1 O-O 10. b3 Rad8 11. Bb2 Rfe8 12. Rb1 a6 13. Bf1 Bb8 14. Na4 Qc7 15.
Nxc5 Bc8 16. Bc3 Ne4 17. Bb2 Nxc5 18. dxc5 e5 19. g3 Re6 20. h4 e4 21. Nd4 Rg6
22. Nxc6 Rxg3+ 23. fxg3 Qxg3+ 24. Bg2 Bh3 25. Re2 Qh2+ 26. Kf2 Bg3+ 27. Kf1
Qh1# 0-1

[Event "Montcalm 3 2023-24"]
[Site "Quebec CAN"]
[Date "2023.11.23"]
[Round "2"]
[White "Plante, Rejean"]
[Black "Bergeron, Nicolas"]
[Result "1-0"]
[WhiteElo "2012"]
[BlackElo "1446"]
[PlyCount "71"]
[EventDate "2023.11.16"]
[EventType "swiss"]
[EventRounds "5"]
[EventCountry "CAN"]

1. c4 Nf6 2. Nc3 e5 3. g3 Nc6 4. Bg2 g6 5. e3 Bg7 6. Nge2 O-O 7. O-O Re8 8. Rb1
a5 9. a3 Ne7 10. d4 exd4 11. Nxd4 d5 12. cxd5 Nexd5 13. Nxd5 Nxd5 14. e4 Nf6
15. Nb5 Bd7 16. Nc3 Bc6 17. Qc2 Qe7 18. Bg5 Qc5 19. Be3 Qe7 20. f3 Nd7 21. Rfe1
Nb6 22. Ne2 Red8 23. Bc5 Qe8 24. b3 Nd7 25. Bd4 Qf8 26. b4 axb4 27. axb4 Bxd4+
28. Nxd4 Qd6 29. Nxc6 bxc6 30. Red1 Qe6 31. f4 Rdb8 32. e5 Rb6 33. Rd2 Rab8 34.
Rbd1 Nf8 35. Rd8 Rxb4 36. Qc5 1-0

[Event "Montcalm 3 2023-24"]
[Site "Quebec CAN"]
[Date "2023.11.23"]
[Round "2"]
[White "Savard, Alexandre"]
[Black "Sauve, Richard"]
[Result "1/2-1/2"]
[WhiteElo "1739"]
[BlackElo "1914"]
[PlyCount "77"]
[EventDate "2023.11.16"]
[EventType "swiss"]
[EventRounds "5"]
[EventCountry "CAN"]

1. d4 d5 2. Nc3 e6 3. Bf4 Nf6 4. Nb5 Na6 5. e3 c6 6. Nc3 Be7 7. Nf3 Nh5 8. Be5
f6 9. g4 fxe5 10. Nxe5 O-O 11. Bxa6 Bh4 12. Be2 Bxf2+ 13. Kd2 Bxe3+ 14. Kd3
Bxd4 15. Kxd4 c5+ 16. Kd3 Nf4+ 17. Kd2 Qf6 18. Nd3 Ng2 19. Kc1 b6 20. Qd2 Bb7
21. Rf1 Qh4 22. Bf3 d4 23. Qxg2 Rxf3 24. Rxf3 Bxf3 25. Qxf3 Rf8 26. Qg3 Rf1+
27. Nd1 Qg5+ 28. Nf4 Rxf4 29. Qe1 Rf1+ 30. Qd2 Qxg4 31. b3 e5 32. Kb2 Qg1 33.
Rc1 e4 34. c3 e3 35. Qe2 Re1 36. Qh5 g6 37. Qe5 Rxd1 38. Qe8+ Kg7 39. Qe7+
1/2-1/2

[Event "Montcalm 3 2023-24"]
[Site "Quebec CAN"]
[Date "2023.11.23"]
[Round "2"]
[White "Tellez, Vicente"]
[Black "Brown, Zachary"]
[Result "0-1"]
[WhiteElo "1404"]
[BlackElo "1633"]
[PlyCount "72"]
[EventDate "2023.11.16"]
[EventType "swiss"]
[EventRounds "5"]
[EventCountry "CAN"]

1. d4 Nf6 2. Bf4 d5 3. Nf3 Bf5 4. e3 e6 5. Be2 Bd6 6. Nbd2 O-O 7. Nf1 h6 8. Ng3
Bh7 9. Nd2 Qe7 10. Nh5 Nxh5 11. Bxh5 Bxf4 12. exf4 Qf6 13. Qf3 Qxd4 14. Nb3
Qxb2 15. O-O Be4 16. Qg3 Nd7 17. Nd2 Qxc2 18. Nxe4 Qxe4 19. Rae1 Qf5 20. Re3
Qxh5 21. f5 Qxf5 22. Qxc7 Nf6 23. Qxb7 Qc2 24. Ra3 Rfb8 25. Qe7 Rb2 26. Rg3 Qf5
27. Rc3 Rb1 28. g3 Rxf1+ 29. Kxf1 Ne4 30. Rc2 Nxg3+ 31. hxg3 Qxc2 32. Qb7 Rc8
33. Qxa7 Qd3+ 34. Kg2 Qe4+ 35. Kh3 Qh1+ 36. Kg4 Rc4+ 0-1

[Event "Montcalm 3 2023-24"]
[Site "Quebec CAN"]
[Date "2023.11.30"]
[Round "3"]
[White "Auger, Bertrand"]
[Black "Sarra-Bournet, Marc"]
[Result "1-0"]
[WhiteElo "1922"]
[BlackElo "1838"]
[PlyCount "152"]
[EventDate "2023.11.16"]
[EventType "swiss"]
[EventRounds "5"]
[EventCountry "CAN"]

1. Nf3 d5 2. g3 Nf6 3. Bg2 e6 4. O-O Be7 5. c4 O-O 6. b3 d4 7. Bb2 c5 8. b4 Nc6
9. b5 Qb6 10. Qc1 Nb8 11. d3 a6 12. Na3 axb5 13. cxb5 Bd7 14. Rb1 Nd5 15. Ne5
Nb4 16. Nec4 Qc7 17. Qd2 Nd5 18. Rfc1 Bc8 19. e3 dxe3 20. fxe3 Bg5 21. Qe1 Qd8
22. Be5 Nxe3 23. Nxe3 Rxa3 24. Bf1 Nd7 25. Bd6 Re8 26. h4 Bf6 27. Nc2 Rxa2 28.
d4 cxd4 29. Nb4 Ra3 30. Bd3 Nb6 31. Bc7 Qd7 32. Bxb6 Qd6 33. Bc5 Qd7 34. Qe4 g6
35. b6 Rc3 36. Rc2 e5 37. Rf1 Bg7 38. Rxc3 dxc3 39. Nd5 f5 40. Qc4 Kh8 41. Bc2
Qe6 42. Ne3 Qxc4 43. Nxc4 Be6 44. Nd6 Rb8 45. Ra1 e4 46. Ra4 Kg8 47. Ra7 Bd5
48. Kf2 Be5 49. Nb5 Rc8 50. Bd4 Bxd4+ 51. Nxd4 Kf7 52. Bb3 Bxb3 53. Nxb3 c2 54.
Rxb7+ Ke6 55. Nc1 Rc6 56. h5 gxh5 57. Rxh7 Kd5 58. b7 Rb6 59. Ke2 Kc6 60. Rxh5
Rxb7 61. Kd2 Rf7 62. Kxc2 Kd6 63. Ne2 Ke5 64. Kd2 Rd7+ 65. Ke1 Rd3 66. g4 Rf3
67. g5 Ra3 68. Rh6 f4 69. g6 f3 70. g7 e3 71. Re6+ Kxe6 72. g8=Q+ Ke5 73. Qe8+
Kd5 74. Qd7+ Ke4 75. Qe7+ Kd3 76. Qxa3+ Ke4 1-0

[Event "Montcalm 3 2023-24"]
[Site "Quebec CAN"]
[Date "2023.11.30"]
[Round "3"]
[White "Bergeron, Nicolas"]
[Black "Laflamme, Simon"]
[Result "1-0"]
[WhiteElo "1446"]
[BlackElo "1834"]
[PlyCount "107"]
[EventDate "2023.11.16"]
[EventType "swiss"]
[EventRounds "5"]
[EventCountry "CAN"]

1. d4 d5 2. c4 e6 3. Nf3 c5 4. cxd5 exd5 5. g3 Nf6 6. Bg2 Nc6 7. O-O Be7 8. Nc3
O-O 9. dxc5 Bxc5 10. Bg5 d4 11. Bxf6 Qxf6 12. Ne4 Qe7 13. Nxc5 Qxc5 14. Qd2 Re8
15. Rfd1 Bf5 16. Rac1 Qb6 17. b3 Rad8 18. Qb2 Be4 19. Rd2 Re7 20. Rcd1 Red7 21.
Ne5 Nxe5 22. Bxe4 d3 23. Qxe5 dxe2 24. Bxh7+ Kxh7 25. Qxe2 Rxd2 26. Rxd2 Rxd2
27. Qxd2 Qc6 28. h4 Qe4 29. Qa5 a6 30. Qd2 f6 31. Qd1 Kh6 32. f3 Qe3+ 33. Kg2
Qe5 34. Qc2 Qd5 35. Qe2 Qd4 36. Kh3 Qd5 37. Qe3+ Kg6 38. Qe4+ Qxe4 39. fxe4 f5
40. exf5+ Kxf5 41. h5 Kg5 42. g4 g6 43. Kg3 gxh5 44. gxh5 Kxh5 45. Kf4 b5 46.
b4 Kg6 47. Ke5 Kg5 48. a3 Kg4 49. Kd5 Kf5 50. Kc5 Ke5 51. Kb6 Kd6 52. Kb7 Kd7
53. Kxa6 Kc6 54. Ka5 1-0

[Event "Montcalm 3 2023-24"]
[Site "Quebec CAN"]
[Date "2023.11.30"]
[Round "3"]
[White "Berube, Antoine"]
[Black "Fecteau, Martin"]
[Result "1-0"]
[WhiteElo "2236"]
[BlackElo "1897"]
[PlyCount "65"]
[EventDate "2023.11.16"]
[EventType "swiss"]
[EventRounds "5"]
[EventCountry "CAN"]

1. c4 e5 2. g3 f5 3. d4 Nc6 4. d5 Nce7 5. e4 d6 6. Nc3 g6 7. exf5 Bxf5 8. Nf3
Bg4 9. Be2 Bxf3 10. Bxf3 Bh6 11. Bg4 Bxc1 12. Rxc1 Nh6 13. Be6 Kf8 14. f4 Nef5
15. O-O Kg7 16. fxe5 dxe5 17. Qe2 Qd6 18. Ne4 Qb6+ 19. c5 Qa6 20. Qxa6 bxa6 21.
Rc3 Rab8 22. Ra3 Rxb2 23. Rxa6 Ra8 24. Rc6 Rb7 25. Bxf5 Nxf5 26. Ng5 Nd4 27.
Rf7+ Kg8 28. Rcxc7 Rxc7 29. Rxc7 h6 30. Ne4 Kf8 31. Rh7 Rd8 32. d6 Nc6 33. Rc7
1-0